[Event "TCh-ISR 2019"]
[Site "Israel ISR"]
[Date "2019.02.09"]
[Round "4.1"]
[Board "6"]
[White "Bykhovsky, Avigdor"]
[Black "Raznikov, Danny"]
[Result "0-1"]
[WhiteTitle "GM"]
[BlackTitle "GM"]
[WhiteElo "2419"]
[BlackElo "2499"]
[WhiteTeam "Elitsur Dov Petah Tiqwa"]
[BlackTeam "Feldklain Rishon leTsion"]
[WhiteFideId "4101057"]
[BlackFideId "2811154"]
[EventDate "2019.01.04"]

1. d4 Nf6 2. c4 e6 3. Nf3 d5 4. Nc3 Be7 5. Bf4 O-O 6. e3 Nbd7 7. h3 c5 8. cxd5
Nxd5 9. Nxd5 exd5 10. Bd3 c4 11. Bc2 Bb4+ 12. Nd2 Nf6 13. O-O Re8 14. a3 Bd6 15.
Bxd6 Qxd6 16. Re1 Be6 17. Nf1 b5 18. f3 Rad8 19. Qd2 Nd7 20. Rad1 f5 21. g4 Rf8
22. Qh2 Qxh2+ 23. Nxh2 a5 24. Kg2 b4 25. axb4 axb4 26. b3 Ra8 27. Ra1 Nb6 28.
Nf1 fxg4 29. hxg4 Rxa1 30. Rxa1 Ra8 31. Rxa8+ Nxa8 32. e4 dxe4 33. Bxe4 c3 34.
d5 Bf7 35. Ne3 Nb6 36. Kf2 Kf8 37. Ke2 Ke7 38. Kd3 Kd6 39. Nf5+ Ke5 40. Nxg7
Bxd5 41. Bxh7 Bxb3 42. Nh5 Bc4+ 43. Kc2 Na4 44. g5 b3+ 45. Kb1 Kd4 0-1

[Event "TCh-ISR 2019"]
[Site "Israel ISR"]
[Date "2019.02.09"]
[Round "4.2"]
[Board "1"]
[White "Abergel, Thal"]
[Black "Dvoirys, Semen I."]
[Result "0-1"]
[WhiteTitle "GM"]
[BlackTitle "GM"]
[WhiteElo "2422"]
[BlackElo "2523"]
[WhiteTeam "Elitsur Ironi Netanya named Itshak Shlakman"]
[BlackTeam "Beer Sheva Yud-Alef"]
[WhiteFideId "614890"]
[BlackFideId "4100379"]
[EventDate "2019.01.04"]

1. e4 c5 2. Nf3 d6 3. Bc4 Nf6 4. Nc3 e6 5. d4 cxd4 6. Nxd4 a6 7. Bb3 Nbd7 8. Bg5
Nc5 9. Bxf6 Qxf6 10. O-O Qd8 11. f4 Nxb3 12. axb3 Be7 13. Qf3 O-O 14. Rad1 Bd7
15. Qh5 g6 16. Qe2 Qb6 17. Kh1 Rad8 18. Rf3 Bf6 19. Rfd3 Bc6 0-1

[Event "TCh-ISR 2019"]
[Site "Israel ISR"]
[Date "2019.02.09"]
[Round "4.2"]
[Board "2"]
[White "Khmelniker, Ilya"]
[Black "Poleg, Dan"]
[Result "1/2-1/2"]
[WhiteTitle "GM"]
[BlackTitle "FM"]
[WhiteElo "2483"]
[BlackElo "2276"]
[WhiteTeam "Beer Sheva Yud-Alef"]
[BlackTeam "Elitsur Ironi Netanya named Itshak Shlakman"]
[WhiteFideId "2805340"]
[BlackFideId "2812398"]
[EventDate "2019.01.04"]

1. c4 e6 2. g3 d5 3. Bg2 dxc4 4. Qa4+ Nd7 5. Qxc4 a6 6. b3 Ngf6 7. Bb2 c5 8. Nh3
Bd6 9. f4 Qc7 10. a4 Rb8 11. Na3 O-O 12. O-O e5 13. Qd3 e4 14. Qc2 b5 15. axb5
axb5 16. Ng5 Qb6 17. e3 Re8 18. Nxe4 Nxe4 19. Bxe4 Rxe4 20. Qxe4 Bb7 21. Qf5 Qc6
22. Qh3 c4 23. Bd4 1/2-1/2

[Event "TCh-ISR 2019"]
[Site "Israel ISR"]
[Date "2019.02.09"]
[Round "4.2"]
[Board "3"]
[White "Tifferet, Shaked"]
[Black "Vydeslaver, Alik"]
[Result "1/2-1/2"]
[WhiteTitle "FM"]
[BlackTitle "IM"]
[WhiteElo "2243"]
[BlackElo "2386"]
[WhiteTeam "Elitsur Ironi Netanya named Itshak Shlakman"]
[BlackTeam "Beer Sheva Yud-Alef"]
[WhiteFideId "2811529"]
[BlackFideId "2801876"]
[EventDate "2019.01.04"]

1. e4 g6 2. d4 Bg7 3. Nc3 c6 4. f4 d5 5. e5 Nh6 6. Be2 O-O 7. Be3 f6 8. Nf3 Bg4
9. O-O Nf5 10. Bf2 Bh6 11. Ne1 Bxe2 12. Nxe2 fxe5 13. dxe5 Ng7 14. Nd3 Ne6 15.
Nd4 Nxd4 16. Bxd4 b6 17. Qg4 Bg7 18. f5 Rxf5 19. Rxf5 gxf5 20. Qxf5 Qd7 21. Qg5
e6 22. Nf4 Na6 23. Nh5 Kh8 24. Rf1 Rg8 25. Rf3 Nc7 26. Bf2 Ne8 27. Bh4 Qc7 28.
Rg3 Qxe5 29. Qxe5 Bxe5 30. Rf3 Nd6 31. c3 Nf5 32. Bf6+ Bxf6 33. Nxf6 Rg6 34. Nd7
c5 35. Nf8 Rf6 36. Nxe6 Rxe6 37. Rxf5 Re2 38. Rxd5 Rxb2 39. Rd8+ Kg7 40. Rd7+
Kg6 41. Rxa7 h5 42. a4 Rb1+ 43. Kf2 Rb2+ 44. Kf1 Rb1+ 45. Ke2 Rb2+ 46. Kd3 Rxg2
47. Ra6 Rxh2 48. a5 Ra2 49. Rxb6+ Kf5 50. Rb5 h4 51. Kc4 h3 52. Kxc5 h2 53. Kb6+
Kg4 54. Rb1 Kg3 55. Rh1 Kg2 56. Rxh2+ Kxh2 57. a6 Rb2+ 58. Kc5 Ra2 59. Kb6 Rb2+
60. Kc5 1/2-1/2

[Event "TCh-ISR 2019"]
[Site "Israel ISR"]
[Date "2019.02.09"]
[Round "4.2"]
[Board "4"]
[White "Shvayger, Yuliya"]
[Black "Poleg, Matan"]
[Result "1/2-1/2"]
[WhiteTitle "IM"]
[WhiteElo "2387"]
[BlackElo "2205"]
[WhiteTeam "Beer Sheva Yud-Alef"]
[BlackTeam "Elitsur Ironi Netanya named Itshak Shlakman"]
[WhiteFideId "14100126"]
[BlackFideId "2811472"]
[EventDate "2019.01.04"]

1. e4 e5 2. Nf3 Nc6 3. Nc3 Nf6 4. Bb5 Nd4 5. Bc4 Bc5 6. d3 d6 7. Na4 Nxf3+ 8.
gxf3 Bb6 9. Nxb6 axb6 10. Rg1 O-O 11. Bh6 Ne8 12. Bg5 Nf6 13. f4 exf4 14. Qf3
Be6 15. Bh6 Ne8 16. Qxf4 Qe7 17. Bxg7 Nxg7 18. Qh6 f5 19. Qxe6+ Qxe6 20. Bxe6+
Kh8 21. Bd5 c6 22. Bb3 fxe4 23. dxe4 Rae8 24. O-O-O Rxe4 25. Rxd6 Nf5 26. Rf6
Re1+ 27. Rxe1 Rxf6 28. c3 Kg7 29. Re8 Rh6 30. Bc2 Kf7 31. Rh8 Ke6 32. Re8+ Ne7
33. Rb8 Rxh2 34. Rxb7 b5 35. c4 bxc4 36. a4 Rxf2 37. Bxh7 Nd5 38. a5 Rf1+ 39.
Kd2 Ra1 40. Ra7 Kd6 41. Bg6 Kc5 42. Ra8 Nb4 43. Bf5 Rf1 44. Bg6 Rf2+ 45. Kc1
Na2+ 46. Kb1 Nb4 47. Kc1 Kb5 48. Bh7 Na2+ 49. Kb1 Nb4 50. Kc1 Rf7 51. Bg6 Rf6
52. Bh7 Rh6 53. Bf5 Rh5 54. Bg6 Rg5 55. Be4 Rg4 56. Bh7 Na6 57. Rg8 Rh4 58. Rg5+
Kb4 59. Bc2 c5 60. Bd1 Kxa5 61. Rg4 Rxg4 62. Bxg4 Kb4 63. Kc2 Nc7 64. Bd1 Nd5
65. Bh5 Ne3+ 66. Kd2 Nf5 67. Kc2 Ng3 68. Bg6 Ne2 69. Bh5 Nd4+ 70. Kc1 Kb3 71.
Bd1+ Kb4 72. Bh5 Nb5 73. Kc2 Nd4+ 74. Kc1 Nf5 75. Kc2 Ne3+ 76. Kd2 Kb3 77. Kxe3
Kxb2 78. Bd1 c3 79. Kd3 c4+ 80. Kxc4 c2 81. Bxc2 1/2-1/2

[Event "TCh-ISR 2019"]
[Site "Israel ISR"]
[Date "2019.02.09"]
[Round "4.2"]
[Board "5"]
[White "Kudischewitsch, David"]
[Black "Klenburg, Michael"]
[Result "0-1"]
[WhiteTitle "IM"]
[BlackTitle "IM"]
[WhiteElo "2348"]
[BlackElo "2361"]
[WhiteTeam "Elitsur Ironi Netanya named Itshak Shlakman"]
[BlackTeam "Beer Sheva Yud-Alef"]
[WhiteFideId "4111893"]
[BlackFideId "14102072"]
[EventDate "2019.01.04"]

1. d4 Nf6 2. Nf3 g6 3. c3 Bg7 4. Bf4 d6 5. h3 O-O 6. e3 c5 7. Bh2 Be6 8. Bd3 Qb6
9. Qc1 Nc6 10. Nbd2 cxd4 11. exd4 Rac8 12. Qb1 Na5 13. O-O Qc6 14. Re1 Rfe8 15.
Qd1 a6 16. a4 Qb6 17. Qc1 Bh6 18. Ra3 Bd5 19. Qc2 Nc6 20. Qb1 e5 21. dxe5 Nxe5
22. Nxe5 dxe5 23. a5 Qc6 24. Ne4 Nxe4 25. Bxe4 Rcd8 26. Ra1 Qb5 27. Bd3 Qc5 28.
Bg3 Bc6 29. Bh4 Rd6 30. Be4 Bf4 31. Bxc6 bxc6 32. Ra4 Ree6 33. Rxf4 exf4 34. Be7
Rxe7 35. Rxe7 Rd2 36. Qe1 Rxb2 37. Re5 Qd6 38. Qe4 Qd1+ 39. Kh2 Rxf2 40. Re8+
Kg7 41. Qe7 Qd5 42. Qe5+ Qxe5 43. Rxe5 f3 0-1

[Event "TCh-ISR 2019"]
[Site "Israel ISR"]
[Date "2019.02.09"]
[Round "4.2"]
[Board "6"]
[White "Sidorenko, Ilya"]
[Black "Lurie, Michael"]
[Result "1/2-1/2"]
[WhiteTitle "IM"]
[WhiteElo "2395"]
[BlackElo "2331"]
[WhiteTeam "Beer Sheva Yud-Alef"]
[BlackTeam "Elitsur Ironi Netanya named Itshak Shlakman"]
[WhiteFideId "2807769"]
[BlackFideId "2803844"]
[EventDate "2019.01.04"]

1. e4 e5 2. Nf3 Nf6 3. Nxe5 d6 4. Nf3 Nxe4 5. d4 Be7 6. Bd3 Nf6 7. h3 O-O 8. O-O
Nbd7 9. c4 Re8 10. Nc3 c6 11. b4 Nf8 12. Bf4 a6 13. a4 a5 14. b5 c5 15. Qc2 d5
16. Nxd5 Nxd5 17. cxd5 Qxd5 18. Be4 Qh5 19. d5 Nd7 20. d6 Bf6 21. Rae1 Rd8 22.
Re2 Nf8 23. Rd1 Ne6 24. Rd5 Qxd5 25. Bxd5 Nxf4 26. Rd2 Nxd5 27. Rxd5 Be6 28.
Rxc5 Rxd6 29. Ng5 Bxg5 30. Rxg5 b6 31. Rg3 Rad8 32. Qc3 g6 33. Kh2 Rd4 34. Qc7
R8d5 35. Ra3 Rd6 36. Rc3 R6d5 37. Rc6 Rd7 38. Qb8+ Kg7 39. Qe5+ Kh6 40. Qe3+ Kg7
41. Qc3 Kh6 42. Qc1+ g5 43. Qa1 Rf4 44. Qe5 Rd2 45. f3 Rxf3 46. Rxe6+ fxe6 47.
Qxe6+ 1/2-1/2

[Event "TCh-ISR 2019"]
[Site "Israel ISR"]
[Date "2019.02.09"]
[Round "4.3"]
[Board "1"]
[White "Zoler, Dan"]
[Black "Boruchovsky, Avital"]
[Result "0-1"]
[WhiteTitle "GM"]
[BlackTitle "GM"]
[WhiteElo "2503"]
[BlackElo "2525"]
[WhiteTeam "Hertslia"]
[BlackTeam "Kfar Saba"]
[WhiteFideId "2800705"]
[BlackFideId "2800055"]
[EventDate "2019.01.04"]

1. Nf3 d5 2. g3 g6 3. Bg2 Bg7 4. c4 dxc4 5. Qa4+ Nc6 6. O-O Nh6 7. Qxc4 Nf5 8.
e3 e5 9. Nc3 O-O 10. Rd1 Nd6 11. Qe2 Re8 12. d3 h6 13. Bd2 Bd7 14. Qf1 a5 15.
Rac1 a4 16. Be1 Bg4 17. h3 Be6 18. Nd2 Nb4 19. Nc4 c6 20. Ne4 Nxe4 21. dxe4 Qe7
22. Nd6 Nxa2 23. Nxe8 Qxe8 24. Ra1 Bb3 25. Qd3 Bf8 26. Rd2 Bb4 27. Re2 Rd8 28.
Qb1 b5 29. Bf1 Rd1 30. Qxd1 Bxd1 31. Rxd1 Qe6 32. Bxb4 Nxb4 33. Rd8+ Kg7 34.
Red2 Qa2 35. R8d7 Na6 36. R7d6 Nc5 37. Rxc6 Nxe4 38. Rdc2 b4 39. Bg2 Nc3 40.
bxc3 Qxc2 41. cxb4 Qb3 42. Ra6 Qxb4 43. Bd5 e4 44. Ra7 a3 45. Bxe4 Qb3 46. Bd5
Qxd5 47. Rxa3 g5 48. Kh2 h5 49. Ra4 Qf3 50. Ra2 Qd1 51. Rb2 Qf1 52. Ra2 Kg6 53.
h4 gxh4 54. gxh4 f6 55. Rc2 Qd3 56. Rc8 Qd6+ 57. Kg1 Qe6 58. Rd8 Qg4+ 59. Kf1
Qxh4 60. Rd4 Qh1+ 61. Ke2 h4 62. Rg4+ Kf5 63. f3 h3 64. Rf4+ Ke6 65. Re4+ Kf7
66. Rg4 h2 0-1

[Event "TCh-ISR 2019"]
[Site "Israel ISR"]
[Date "2019.02.09"]
[Round "4.3"]
[Board "2"]
[White "Grinberg, Eyal"]
[Black "Bakalchuk, Johnatan"]
[Result "0-1"]
[WhiteTitle "IM"]
[BlackTitle "IM"]
[WhiteElo "2470"]
[BlackElo "2456"]
[WhiteTeam "Kfar Saba"]
[BlackTeam "Hertslia"]
[WhiteFideId "2806070"]
[BlackFideId "2810301"]
[EventDate "2019.01.04"]

1. e4 c5 2. Nf3 g6 3. c4 Bg7 4. d4 cxd4 5. Nxd4 Nc6 6. Nc2 d6 7. Be2 Nf6 8. Nc3
O-O 9. O-O Nd7 10. Bd2 a5 11. Qc1 Nc5 12. Bh6 a4 13. Bxg7 Kxg7 14. Qd2 Qa5 15.
f4 f6 16. Ne3 Be6 17. Kh1 Bf7 18. Rad1 Qb4 19. Qc1 Ne6 20. Nc2 Qc5 21. Qd2 Qb6
22. Nd5 Qa5 23. Qe3 Qc5 24. Qc3 Qa5 25. Qg3 Qc5 26. Qd3 Qa5 27. Ra1 Nc5 28. Qe3
Na6 29. a3 Nc5 30. Rad1 Nb3 31. Ncb4 Qc5 32. Qc3 Ncd4 33. Rde1 e6 34. Ne3 Rac8
35. Bd1 b5 36. Bxb3 Nxb3 37. Ng4 e5 38. Qh3 h5 39. fxe5 fxe5 40. Ne3 Nd2 41. Rf2
Nxe4 42. Rfe2 Bxc4 43. Qh4 Rf4 44. Qe7+ Rf7 45. Qh4 Bxe2 46. Qxe4 Qd4 0-1

[Event "TCh-ISR 2019"]
[Site "Israel ISR"]
[Date "2019.02.09"]
[Round "4.3"]
[Board "3"]
[White "Caspi, Israel"]
[Black "Givon, Asaf"]
[Result "1/2-1/2"]
[WhiteTitle "IM"]
[BlackTitle "IM"]
[WhiteElo "2455"]
[BlackElo "2465"]
[WhiteTeam "Hertslia"]
[BlackTeam "Kfar Saba"]
[WhiteFideId "2807394"]
[BlackFideId "2801841"]
[EventDate "2019.01.04"]

1. e4 c5 2. Nf3 Nc6 3. d4 cxd4 4. Nxd4 g6 5. Nc3 Bg7 6. Be3 Nf6 7. Bc4 O-O 8.
Bb3 Re8 9. f3 d5 10. exd5 Nb4 11. Nde2 e6 12. Bd4 exd5 13. O-O Be6 14. Bf2 Nc6
15. Nd4 Nh5 16. Qd2 a6 17. Rad1 Qd6 18. Nce2 Be5 19. g3 Bh3 20. Rfe1 Rad8 21.
Qg5 Bf6 22. Qd2 Be5 23. Qg5 1/2-1/2

[Event "TCh-ISR 2019"]
[Site "Israel ISR"]
[Date "2019.02.09"]
[Round "4.3"]
[Board "4"]
[White "Mindlin, Alon"]
[Black "Zifroni, Dov"]
[Result "1/2-1/2"]
[WhiteTitle "IM"]
[BlackTitle "GM"]
[WhiteElo "2462"]
[BlackElo "2442"]
[WhiteTeam "Kfar Saba"]
[BlackTeam "Hertslia"]
[WhiteFideId "2800071"]
[BlackFideId "2800659"]
[EventDate "2019.01.04"]

1. d4 Nf6 2. c4 e6 3. Nf3 d5 4. Nc3 Bb4 5. e3 O-O 6. Bd3 b6 7. O-O Ba6 8. cxd5
exd5 9. Bxa6 Nxa6 10. Qd3 Nb8 11. a3 Bd6 12. e4 dxe4 13. Nxe4 Nxe4 14. Qxe4 Nd7
15. Bg5 Re8 16. Qc6 Nf6 17. d5 h6 18. Bh4 Be7 19. Rfd1 Ne4 20. Bxe7 Rxe7 21. Re1
Qe8 22. Nd4 Rd8 23. Qxe8+ Rexe8 24. Nb5 Nf6 25. Nxc7 Rxe1+ 26. Rxe1 Rd7 27. Nb5 1/2-1/2

[Event "TCh-ISR 2019"]
[Site "Israel ISR"]
[Date "2019.02.09"]
[Round "4.3"]
[Board "5"]
[White "Haimovich, Tal"]
[Black "Rozentalis, Eduardas"]
[Result "1/2-1/2"]
[WhiteTitle "IM"]
[BlackTitle "GM"]
[WhiteElo "2408"]
[BlackElo "2526"]
[WhiteTeam "Hertslia"]
[BlackTeam "Kfar Saba"]
[WhiteFideId "2801698"]
[BlackFideId "12800023"]
[EventDate "2019.01.04"]

1. e4 e6 2. d4 d5 3. Nc3 Bb4 4. e5 c5 5. a3 Bxc3+ 6. bxc3 Ne7 7. a4 Qa5 8. Bd2
Bd7 9. Nf3 Qc7 10. Bd3 c4 11. Be2 Nbc6 12. O-O f6 13. Qc1 Ng6 14. Re1 O-O-O 15.
Bf1 h5 16. h4 Rdf8 17. exf6 gxf6 18. g3 e5 19. dxe5 fxe5 20. Bg2 Rhg8 21. Bg5 e4
22. Nh2 Nge5 23. Qd1 Be6 24. Qxh5 Qd7 25. Qe2 Ng4 26. Nxg4 Bxg4 27. Qe3 Bf3 28.
Bf1 Kb8 29. Rab1 Ka8 30. Rb5 d4 31. cxd4 Nxd4 32. Reb1 Nxb5 33. axb5 b6 34. Kh2
Qd5 35. Kg1 Rf5 36. Bh3 Rf7 37. Kh2 Rc7 38. Bf4 Rc5 39. Qc3 Rxb5 40. Rxb5 Qxb5
41. Be6 Rd8 42. Qf6 Qe8 43. g4 Rd1 44. h5 e3 45. fxe3 Qc6 1/2-1/2

[Event "TCh-ISR 2019"]
[Site "Israel ISR"]
[Date "2019.02.09"]
[Round "4.3"]
[Board "6"]
[White "Gorshtein, Ido"]
[Black "Lev, Ronen"]
[Result "1/2-1/2"]
[WhiteTitle "FM"]
[BlackTitle "GM"]
[WhiteElo "2382"]
[BlackElo "2355"]
[WhiteTeam "Kfar Saba"]
[BlackTeam "Hertslia"]
[WhiteFideId "2815532"]
[BlackFideId "2800063"]
[EventDate "2019.01.04"]

1. e4 e5 2. Nf3 Nc6 3. Bb5 a6 4. Ba4 Nf6 5. Nc3 b5 6. Bb3 Bc5 7. O-O d6 8. Nd5
Nd4 9. Nxd4 Bxd4 10. a4 Bb7 11. c3 Ba7 12. axb5 axb5 13. d4 Nxd5 14. exd5 O-O
15. Be3 Re8 16. Re1 exd4 17. Bxd4 Rxe1+ 18. Qxe1 Bxd4 19. cxd4 Rxa1 20. Qxa1 Qg5
21. h4 1/2-1/2

[Event "TCh-ISR 2019"]
[Site "Israel ISR"]
[Date "2019.02.09"]
[Round "4.4"]
[Board "1"]
[White "Rechlis, Gad"]
[Black "Soffer, Ram"]
[Result "1/2-1/2"]
[WhiteTitle "GM"]
[BlackTitle "GM"]
[WhiteElo "2526"]
[BlackElo "2477"]
[WhiteTeam "haPoel Petah Tiqwa Alef"]
[BlackTeam "ASA Shlomo Har-Tsvi Tel Aviv"]
[WhiteFideId "2800047"]
[BlackFideId "2800101"]
[EventDate "2019.01.04"]

1. Nf3 Nf6 2. c4 e6 3. g3 d5 4. b3 a5 5. Bg2 a4 6. O-O axb3 7. Qxb3 Be7 8. d4
O-O 9. Nbd2 Nc6 10. Bb2 Na5 11. Qc2 c6 12. Rfb1 b6 13. Bc3 Nd7 14. e3 Qc7 1/2-1/2

[Event "TCh-ISR 2019"]
[Site "Israel ISR"]
[Date "2019.02.09"]
[Round "4.4"]
[Board "2"]
[White "Bruk, Ofer"]
[Black "Sivuk, Vitaly"]
[Result "1/2-1/2"]
[WhiteTitle "IM"]
[BlackTitle "GM"]
[WhiteElo "2417"]
[BlackElo "2552"]
[WhiteTeam "ASA Shlomo Har-Tsvi Tel Aviv"]
[BlackTeam "haPoel Petah Tiqwa Alef"]
[WhiteFideId "2800098"]
[BlackFideId "14116502"]
[EventDate "2019.01.04"]

1. Nf3 Nf6 2. c4 e6 3. g3 d5 4. Bg2 d4 5. O-O c5 6. d3 Nc6 7. e3 Bd6 8. exd4
cxd4 9. Bg5 h6 10. Bxf6 Qxf6 11. Nbd2 Qe7 12. Re1 O-O 13. Nb3 Rd8 14. Nbxd4 Nxd4
15. Nxd4 Bxg3 16. hxg3 Rxd4 17. Re4 Rd8 18. d4 Bd7 19. d5 Qb4 20. Qb3 a5 21. Rd1
Qxb3 22. axb3 exd5 23. Red4 Bc6 24. Bxd5 Kf8 25. Bxc6 Rxd4 26. Rxd4 bxc6 27. Rd6
Rc8 28. Rd7 Rb8 29. Ra7 Rxb3 30. Rxa5 Rxb2 31. Ra6 Ke7 1/2-1/2

[Event "TCh-ISR 2019"]
[Site "Israel ISR"]
[Date "2019.02.09"]
[Round "4.4"]
[Board "3"]
[White "Steinberg, Nitzan"]
[Black "Shvidler, Eliahu"]
[Result "1-0"]
[WhiteTitle "GM"]
[BlackTitle "IM"]
[WhiteElo "2530"]
[BlackElo "2357"]
[WhiteTeam "haPoel Petah Tiqwa Alef"]
[BlackTeam "ASA Shlomo Har-Tsvi Tel Aviv"]
[WhiteFideId "2801795"]
[BlackFideId "2800160"]
[EventDate "2019.01.04"]

1. e4 e5 2. Nf3 Nf6 3. Nxe5 d6 4. Nf3 Nxe4 5. d3 Nf6 6. d4 Be7 7. Bd3 O-O 8. h3
b6 9. O-O Bb7 10. Bf4 Nbd7 11. Nc3 Nd5 12. Nxd5 Bxd5 13. c4 Bb7 14. Re1 Re8 15.
Ng5 Bxg5 16. Rxe8+ Qxe8 17. Bxg5 Be4 18. Bf1 h6 19. Bh4 Bg6 20. g4 Nf8 21. Qf3
Qe4 22. Qxe4 Bxe4 23. Re1 Ng6 24. Bg3 Bc6 25. f4 Re8 26. Rxe8+ Bxe8 27. f5 Ne7
28. c5 Nc6 29. Bb5 a6 30. Bxa6 bxc5 31. dxc5 Nb4 32. Bc4 d5 33. Bb3 c6 34. Bf2
Nd3 35. Bd4 Nc1 36. Bd1 Nxa2 37. Kf2 Bd7 38. f6 gxf6 39. Bxf6 Nb4 40. Ke3 Kf8
41. Kd4 Na6 42. Be2 Nc7 43. b4 Bc8 44. Ke5 Ba6 45. Bxa6 Nxa6 46. Kd6 Nxb4 47.
Bc3 Nd3 48. Bd2 h5 49. gxh5 d4 50. Kxc6 Ne5+ 51. Kb7 Nc4 52. c6 1-0

[Event "TCh-ISR 2019"]
[Site "Israel ISR"]
[Date "2019.02.09"]
[Round "4.4"]
[Board "4"]
[White "Aharonovich, Itamar"]
[Black "Bitensky, Igor"]
[Result "1/2-1/2"]
[WhiteTitle "FM"]
[BlackTitle "IM"]
[WhiteElo "2299"]
[BlackElo "2373"]
[WhiteTeam "ASA Shlomo Har-Tsvi Tel Aviv"]
[BlackTeam "haPoel Petah Tiqwa Alef"]
[WhiteFideId "2814501"]
[BlackFideId "2804085"]
[EventDate "2019.01.04"]

1. d4 Nf6 2. c4 g6 3. Nc3 Bg7 4. e4 d6 5. Nf3 O-O 6. Be2 e5 7. O-O c6 8. Be3
exd4 9. Nxd4 Re8 10. Qc2 Qe7 11. Bf3 Bg4 12. Rad1 Bxf3 13. Nxf3 Nbd7 14. Rfe1
Ne5 15. Nxe5 dxe5 16. Na4 b6 17. Nc3 Nd7 18. Qa4 Rec8 19. Rd2 Nc5 20. Bxc5 Qxc5
21. Rd7 Rd8 22. Red1 Bf6 23. g3 Kg7 24. h4 h5 25. a3 Rxd7 26. Rxd7 Rd8 27. Qxa7
Rxd7 28. Qxd7 Qxc4 29. Qd6 b5 30. Kg2 Qe6 31. Qxe6 fxe6 32. Na2 Be7 33. Nb4 c5
34. Nc6 Kf6 35. Na7 b4 36. axb4 cxb4 37. b3 g5 38. hxg5+ Kxg5 39. Nc6 Bd6 40.
Kh3 Kf6 41. Kh4 Kg6 42. f3 Kh6 43. g4 hxg4 44. fxg4 Kg6 45. g5 Bc7 46. Ne7+ Kf7
47. Nc6 Kg6 48. Nxb4 Bd8 49. Kg4 Bxg5 50. Nc6 Be3 51. Nxe5+ Kf6 52. Nd3 Ke7 53.
Kf3 Bg1 54. e5 Kd7 55. Ke4 Kc6 56. Nf4 Kd7 57. b4 Bb6 58. Ne2 Kc6 59. Nd4+ Kd7
60. b5 Bc7 61. Nb3 Bb6 62. Nd2 Bg1 63. Nc4 Kc7 64. Kd3 Bf2 65. Kc3 Be1+ 66. Kb3
Bg3 67. Kb4 Be1+ 68. Kb3 Bg3 69. Kc3 Be1+ 70. Kd4 Bf2+ 71. Ke4 Bg1 72. Nd2 Kd7
73. Nf3 Bb6 74. Kf4 Bd8 75. Nd2 Kc7 76. Nc4 Kb7 77. Ke4 Be7 78. Kf4 Bd8 1/2-1/2

[Event "TCh-ISR 2019"]
[Site "Israel ISR"]
[Date "2019.02.09"]
[Round "4.4"]
[Board "5"]
[White "Manor, Ilan"]
[Black "Kundin, Alexander"]
[Result "0-1"]
[WhiteTitle "GM"]
[BlackTitle "IM"]
[WhiteElo "2472"]
[BlackElo "2311"]
[WhiteTeam "haPoel Petah Tiqwa Alef"]
[BlackTeam "ASA Shlomo Har-Tsvi Tel Aviv"]
[WhiteFideId "2800110"]
[BlackFideId "2803097"]
[EventDate "2019.01.04"]

1. d4 d5 2. c4 c6 3. Nf3 Nf6 4. Nc3 a6 5. Bg5 Ne4 6. Bh4 Nxc3 7. bxc3 dxc4 8. e4
b5 9. a4 Bg4 10. Be2 Nd7 11. O-O g6 12. h3 Bxf3 13. Bxf3 Nb6 14. axb5 cxb5 15.
d5 Bg7 16. e5 Bxe5 17. d6 Qxd6 18. Bxa8 Nxa8 19. Qxd6 exd6 20. Rxa6 Nc7 21. Rb6
Kd7 22. Rd1 Re8 23. Bg3 Bxg3 24. fxg3 Re6 25. Rf1 f5 26. Rd1 d5 27. Rxe6 Kxe6
28. Kf2 d4 29. cxd4 b4 30. Ke3 Nd5+ 31. Kd2 Nc3 32. Ra1 Kd5 33. Ra7 Kxd4 34.
Rxh7 b3 35. Rd7+ Nd5 36. Kc1 c3 37. Rd8 Kc4 38. Rc8+ Kd3 39. Rd8 b2+ 40. Kb1 Kc4 0-1

[Event "TCh-ISR 2019"]
[Site "Israel ISR"]
[Date "2019.02.09"]
[Round "4.4"]
[Board "6"]
[White "Kreizberg, Michael"]
[Black "Botvinnik, Mikhail"]
[Result "1/2-1/2"]
[WhiteTitle "FM"]
[WhiteElo "2297"]
[BlackElo "2379"]
[WhiteTeam "ASA Shlomo Har-Tsvi Tel Aviv"]
[BlackTeam "haPoel Petah Tiqwa Alef"]
[WhiteFideId "2803372"]
[BlackFideId "2805650"]
[EventDate "2019.01.04"]

1. d4 Nf6 2. c4 e6 3. g3 Bb4+ 4. Bd2 Qe7 5. Bg2 O-O 6. Nf3 Bxd2+ 7. Qxd2 d6 8.
Nc3 e5 9. O-O Nc6 10. d5 Nb8 11. e4 a5 12. b3 Na6 13. Nh4 Nc5 14. h3 Nh5 15. Kh2
g5 16. Nf5 Bxf5 17. exf5 Qf6 18. Qc2 Ng7 19. g4 Ne8 20. Be4 Qe7 21. f3 Nf6 22.
h4 h6 23. Qd2 Nh7 24. Rh1 gxh4 25. Qxh6 Qg5 26. Qxg5+ Nxg5 27. Kg2 h3+ 28. Kg3
Kg7 29. Rh2 f6 30. Bc2 Kf7 31. Rb1 Ke7 32. a3 Rfb8 33. Re2 Kd7 34. Re3 Rh8 35.
Rh1 Na6 36. Ne4 Nxe4+ 37. Bxe4 Nc5 38. Bc2 Rab8 39. b4 axb4 40. axb4 Na6 41.
Ba4+ Ke7 42. Rb3 Ra8 43. Bb5 Nb8 44. c5 Ra2 45. Rxh3 Rxh3+ 46. Kxh3 Rd2 47. Bd3
Nd7 48. Rc3 Nf8 49. c6 bxc6 50. dxc6 d5 51. b5 Rb2 52. Kg3 Nh7 53. Ra3 Ng5 54.
Bf1 Kd6 55. Bd3 Kc5 56. Ra7 Rb3 57. Be2 Kd6 58. Ra8 e4 59. Rd8+ Ke5 60. b6 exf3
61. Bxf3 Rxf3+ 62. Kg2 cxb6 63. c7 Rc3 64. c8=Q Rxc8 65. Rxc8 Kf4 66. Rd8 Kxg4
67. Rxd5 Nf7 1/2-1/2

[Event "TCh-ISR 2019"]
[Site "Israel ISR"]
[Date "2019.02.09"]
[Round "4.5"]
[Board "1"]
[White "Erenberg, Ariel"]
[Black "Rodshtein, Maxim"]
[Result "1/2-1/2"]
[WhiteTitle "IM"]
[BlackTitle "GM"]
[WhiteElo "2409"]
[BlackElo "2668"]
[WhiteTeam "haPoel Kfar Saba Bet"]
[BlackTeam "Beer Sheva Alef in name of Eliyahu Levant"]
[WhiteFideId "2811634"]
[BlackFideId "2806851"]
[EventDate "2019.01.04"]

1. d4 e6 2. c4 b6 3. Nf3 Bb7 4. g3 Bb4+ 5. Bd2 a5 6. Bg2 Nf6 7. O-O O-O 8. Qc2
h6 9. Bf4 Be7 10. Nc3 Na6 11. a3 d5 12. cxd5 exd5 13. Rad1 Re8 14. Rfe1 Qc8 15.
Ne5 Bd6 16. e4 dxe4 17. Nxe4 Nxe4 18. Bxe4 Bxe4 19. Rxe4 Qe6 20. Rde1 Qd5 21.
Bxh6 Bxe5 22. Bf4 f6 23. dxe5 fxe5 24. Rxe5 Rxe5 25. Rxe5 Qd4 26. Rh5 Re8 27.
Qh7+ Kf8 28. Be3 Rxe3 29. fxe3 Qxe3+ 30. Kg2 1/2-1/2